[Event "Muensterland Regionalliga 1920"]
[Site "Germany"]
[Date "2019.09.07"]
[Round "1.4"]
[White "Steiner, Karl"]
[Black "Grotenhuis, Gerard"]
[Result "0-1"]
[WhiteElo "1894"]
[BlackElo "1894"]
[PlyCount "64"]
[EventDate "2019.09.07"]
[EventType "team-tourn"]
[EventRounds "7"]
[EventCountry "GER"]
[SourceTitle "EXT 2023"]
[Source "ChessBase"]
[SourceDate "2022.10.05"]
[SourceVersion "1"]
[SourceVersionDate "2022.10.05"]
[SourceQuality "1"]
[WhiteTeam "Bocholt"]
[BlackTeam "Metelen"]
[WhiteTeamCountry "GER"]
[BlackTeamCountry "GER"]

1. Nf3 d5 2. c4 d4 3. d3 Nc6 4. Bf4 g6 5. h3 Bg7 6. g4 e5 7. Bg3 Nge7 8. Bg2 f5 9. gxf5 Nxf5 10. Nbd2 Nxg3 11. fxg3 0-0 12. 0-0 Bf5 13. Nh4 Qg5 14. Kh2 Qe7 15. Qb3 Rab8 16. Nxf5 gxf5 17. g4 Bh6 18. c5+ Kh8 19. Nc4 Bf4+ 20. Kh1 fxg4 21. Qd1 Qh4 22. e3 gxh3 23. Bxc6 dxe3 24. Be4 Rg8 25. Qe1 Rg2 26. Rxf4 Qxf4 27. Bxg2 hxg2+ 28. Kg1 Qh6 29. Qxe3 Qh1+ 30. Kf2 Rf8+ 31. Ke2 Qh5+ 32. Kd2 Rf1 0-1

[Event "Muensterland Regionalliga 1819"]
[Site "Germany"]
[Date "2018.12.01"]
[Round "4.4"]
[White "Kornick, Ulrich"]
[Black "Steiner, Karl"]
[Result "0-1"]
[WhiteElo "1939"]
[BlackElo "1892"]
[PlyCount "82"]
[EventDate "2018.09.08"]
[EventType "team-tourn"]
[EventRounds "9"]
[EventCountry "GER"]
[SourceTitle "EXT 2020"]
[Source "ChessBase"]
[SourceDate "2019.10.17"]
[SourceVersion "1"]
[SourceVersionDate "2019.10.17"]
[SourceQuality "1"]
[WhiteTeam "Rheine Klein Berlin"]
[BlackTeam "Bocholt"]
[WhiteTeamCountry "GER"]
[BlackTeamCountry "GER"]

1. e4 d6 2. d4 Nf6 3. Bd3 Nc6 4. c3 e5 5. Nf3 Be7 6. d5 Nb8 7. h3 Nbd7 8. Qe2 0-0 9. Be3 c6 10. dxc6 bxc6 11. Nbd2 d5 12. 0-0 Qc7 13. exd5 cxd5 14. Ba6 Bc5 15. Bxc8 Raxc8 16. Rfd1 Rfe8 17. Nf1 Rcd8 18. Rac1 Qb6 19. Rc2 Bxe3 20. Nxe3 Nf8 21. Nf5 Ng6 22. N3h4 Nxh4 23. Nxh4 g6 24. g3 d4 25. cxd4 exd4 26. Qc4 Ne4 27. Nf3 d3 28. Rxd3 Rxd3 29. Qxd3 Nxg3 30. Kg2 Nh5 31. Qc4 Qf6 32. Qc6 Nf4+ 33. Kg3 Re6 34. Qc8+ Kg7 35. h4 Nh5+ 36. Kg2 Qf4 37. Qc3+ Rf6 38. Ne5 Qxh4 39. f3 Nf4+ 40. Kf1 Qh1+ 41. Kf2 Nd5 0-1

[Event "Muensterland Regionalliga 1819"]
[Site "Germany"]
[Date "2018.09.08"]
[Round "1.4"]
[White "Rosing, Hermann"]
[Black "Steiner, Karl"]
[Result "1/2-1/2"]
[WhiteElo "1991"]
[BlackElo "1892"]
[PlyCount "80"]
[EventDate "2018.09.08"]
[EventType "team-tourn"]
[EventRounds "9"]
[EventCountry "GER"]
[SourceTitle "EXT 2020"]
[Source "ChessBase"]
[SourceDate "2019.10.17"]
[SourceVersion "1"]
[SourceVersionDate "2019.10.17"]
[SourceQuality "1"]
[WhiteTeam "Ahaus Wessum"]
[BlackTeam "Bocholt"]
[WhiteTeamCountry "GER"]
[BlackTeamCountry "GER"]

1. e4 d6 2. d4 Nf6 3. Nc3 g6 4. f4 Bg7 5. Nf3 c6 6. Bd3 0-0 7. 0-0 Bg4 8. Ne2 Nbd7 9. e5 Nd5 10. c3 Qb6 11. Kh1 f6 12. exd6 exd6 13. h3 Bxf3 14. Rxf3 f5 15. Qc2 Rae8 16. Bd2 Kh8 17. a3 N5f6 18. Raf1 d5 19. Be1 Re6 20. Bh4 Rfe8 21. b4 a5 22. Nc1 axb4 23. axb4 Qa7 24. Nb3 Ra8 25. Ra1 Qb8 26. Rxa8 Qxa8 27. Rf1 Qb8 28. Nc5 Re8 29. Qc1 b6 30. Nxd7 Nxd7 31. Re1 Nf6 32. Re5 b5 33. Qe3 Ne4 34. Rxe8+ Qxe8 35. Kh2 Qa8 36. Bxe4 fxe4 37. Qg3 Qf8 38. Qe3 Bf6 39. Bxf6+ Qxf6 40. g4 Kg7 1/2-1/2

[Event "Muensterland Verbandsliga 1516"]
[Site "Germany"]
[Date "2015.11.21"]
[Round "3.5"]
[White "Fehlings, Gerd"]
[Black "Steiner, Karl"]
[Result "1/2-1/2"]
[WhiteElo "1735"]
[BlackElo "1903"]
[PlyCount "97"]
[EventDate "2015.09.12"]
[EventType "team"]
[EventRounds "9"]
[EventCountry "GER"]
[SourceTitle "EXT 2017"]
[Source "ChessBase"]
[SourceDate "2016.10.25"]
[SourceVersion "1"]
[SourceVersionDate "2016.10.25"]
[SourceQuality "1"]
[WhiteTeam "Emsdetten Rochade II"]
[BlackTeam "Bocholt"]
[WhiteTeamCountry "GER"]
[BlackTeamCountry "GER"]

1. d4 f5 2. c3 Nf6 3. Nd2 b6 4. Ngf3 Bb7 5. g3 e6 6. Bg2 Be7 7. 0-0 0-0 8. Ne5 Bxg2 9. Kxg2 Qe8 10. e3 d6 11. Qf3 c6 12. Nd3 d5 13. Qe2 Nbd7 14. f4 a5 15. Nf3 Qh5 16. Re1 Bd6 17. Ng5 Qxe2+ 18. Rxe2 Rfe8 19. Bd2 h6 20. Nf3 Ne4 21. Be1 g5 22. Nd2 Ndf6 23. Nxe4 Nxe4 24. Nf2 Kh7 25. Nxe4 fxe4 26. Rc1 b5 27. Rcc2 gxf4 28. gxf4 Rg8+ 29. Kh1 Rg6 30. Rg2 Rag8 31. Rxg6 Rxg6 32. b3 c5 33. Bd2 c4 34. bxc4 bxc4 35. Rb2 Bc7 36. Rb7 Rg7 37. a4 Bd8 38. Rxg7+ Kxg7 39. Kg2 Kg6 40. Kh3 Kh5 41. Be1 Be7 42. Kg2 Ba3 43. Bd2 Kg4 44. h3+ Kh4 45. Be1+ Kh5 46. Bd2 Bb2 47. Kg3 Ba3 48. Kg2 Kh4 49. Be1+ 1/2-1/2

[Event "Muensterland Regionalliga 1415"]
[Site "Germany"]
[Date "2015.05.16"]
[Round "9.2"]
[White "Steiner, Karl"]
[Black "Paalman, Henk Jan"]
[Result "1/2-1/2"]
[WhiteElo "1928"]
[BlackElo "2105"]
[PlyCount "21"]
[EventDate "2014.09.20"]
[EventType "team-tourn"]
[EventRounds "9"]
[EventCountry "GER"]
[SourceTitle "EXT 2016"]
[Source "ChessBase"]
[SourceDate "2015.10.08"]
[SourceVersion "1"]
[SourceVersionDate "2015.10.08"]
[SourceQuality "1"]
[WhiteTeam "Bocholt"]
[BlackTeam "Emsdetten Rochade"]
[WhiteTeamCountry "GER"]
[BlackTeamCountry "GER"]

1. d4 e6 2. c4 Nf6 3. Nf3 d5 4. Nc3 c6 5. Bg5 h6 6. Bxf6 Qxf6 7. e3 Nd7 8. cxd5 exd5 9. Be2 g6 10. 0-0 Bg7 11. Qc2 1/2-1/2

[Event "Muensterland Regionalliga 1415"]
[Site "Germany"]
[Date "2015.04.25"]
[Round "8.2"]
[White "Boesel, Alexander"]
[Black "Steiner, Karl"]
[Result "1-0"]
[WhiteElo "1995"]
[BlackElo "1928"]
[PlyCount "49"]
[EventDate "2014.09.20"]
[EventType "team-tourn"]
[EventRounds "9"]
[EventCountry "GER"]
[SourceTitle "EXT 2016"]
[Source "ChessBase"]
[SourceDate "2015.10.08"]
[SourceVersion "1"]
[SourceVersionDate "2015.10.08"]
[SourceQuality "1"]
[WhiteTeam "Olfen"]
[BlackTeam "Bocholt"]
[WhiteTeamCountry "GER"]
[BlackTeamCountry "GER"]

1. d4 d5 2. Nf3 Nf6 3. g3 g6 4. Bg2 Bg7 5. 0-0 0-0 6. c4 c6 7. Nbd2 Nbd7 8. b3 Re8 9. Bb2 b6 10. Qc2 Bb7 11. e4 dxe4 12. Nxe4 Qc7 13. Nc3 e5 14. Nxe5 Nxe5 15. dxe5 Ng4 16. c5 Bxe5 17. Ne4 Bxb2 18. Qxb2 f5 19. Nd6 Re7 20. b4 bxc5 21. bxc5 Bc8 22. Rfe1 Be6 23. Rxe6 Rxe6 24. Qb3 Qe7 25. Re1 1-0

[Event "Muensterland Regionalliga 1415"]
[Site "Germany"]
[Date "2015.02.21"]
[Round "6.2"]
[White "Winnemoeller, Bernhard"]
[Black "Steiner, Karl"]
[Result "1-0"]
[WhiteElo "1933"]
[BlackElo "1928"]
[PlyCount "51"]
[EventDate "2014.09.20"]
[EventType "team-tourn"]
[EventRounds "9"]
[EventCountry "GER"]
[SourceTitle "EXT 2016"]
[Source "ChessBase"]
[SourceDate "2015.10.08"]
[SourceVersion "1"]
[SourceVersionDate "2015.10.08"]
[SourceQuality "1"]
[WhiteTeam "Steinfurt"]
[BlackTeam "Bocholt"]
[WhiteTeamCountry "GER"]
[BlackTeamCountry "GER"]

1. e4 e6 2. Nc3 d5 3. g3 d4 4. Nce2 e5 5. d3 Be6 6. f4 f6 7. Nf3 Nd7 8. c3 c5 9. f5 Bf7 10. c4 g5 11. fxg6 hxg6 12. Bd2 Bh6 13. a3 a5 14. g4 Bxd2+ 15. Qxd2 Nh6 16. Rg1 g5 17. h4 Be6 18. Bh3 Nf7 19. Ng3 gxh4 20. Nh5 Rxh5 21. gxh5 Bxh3 22. Rg8+ Nf8 23. h6 Ng5 24. Nxg5 fxg5 25. h7 Qf6 26. Qf2 1-0

[Event "Lienz op-A 18th"]
[Site "Lienz"]
[Date "2015.02.11"]
[Round "6"]
[White "Simon, Tessa"]
[Black "Steiner, Karl"]
[Result "1/2-1/2"]
[WhiteElo "1821"]
[BlackElo "2039"]
[PlyCount "101"]
[EventDate "2015.02.07"]
[EventType "swiss"]
[EventRounds "9"]
[EventCountry "AUT"]
[SourceTitle "CBM 164 Extra"]
[Source "ChessBase"]
[SourceDate "2015.03.02"]
[SourceVersion "1"]
[SourceVersionDate "2015.03.02"]
[SourceQuality "1"]

1. e4 c5 2. Nf3 d6 3. d4 cxd4 4. Nxd4 Nf6 5. Nc3 g6 6. Be3 Nc6 7. f3 Bd7 8. Qd2 Bg7 9. Bc4 Rc8 10. 0-0-0 Na5 11. Bb3 Nxb3+ 12. cxb3 Qa5 13. Kb1 h5 14. h4 a6 15. Nc2 Ng8 16. Bd4 Bxd4 17. Qxd4 Nf6 18. Nd5 Qc5 19. Nxf6+ exf6 20. Qd2 0-0 21. Ne3 Be6 22. g4 hxg4 23. fxg4 Qe5 24. Qg2 Qf4 25. Nf5 gxf5 26. gxf5+ Kh7 27. Rhf1 Qe5 28. Qf3 Rg8 29. Rg1 Rg7 30. Rxg7+ Kxg7 31. fxe6 Rg8 32. Rg1+ Kf8 33. Rxg8+ Kxg8 34. exf7+ Kxf7 35. a3 Kg6 36. Qg4+ Kh6 37. Ka2 d5 38. exd5 Qxd5 39. Qf4+ Kg6 40. Qg4+ Kh6 41. Qc8 Kg6 42. Qe8+ Kh6 43. a4 Qf3 44. Qf7 f5 45. Qf6+ Kh7 46. Qg5 Qg4 47. Qe7+ Qg7 48. Qe3 Qf6 49. Qf3 Qf7 50. Qf4 Kg6 51. Qg5+ 1/2-1/2

[Event "Muensterland Regionalliga 1314"]
[Site "Germany"]
[Date "2014.05.03"]
[Round "9.2"]
[White "Steiner, Karl"]
[Black "Althoff, Franz"]
[Result "1/2-1/2"]
[WhiteElo "1932"]
[BlackElo "2069"]
[PlyCount "41"]
[EventDate "2013.09.07"]
[EventType "team-tourn"]
[EventRounds "9"]
[EventCountry "GER"]
[SourceTitle "EXT 2015"]
[Source "ChessBase"]
[SourceDate "2014.11.20"]
[SourceVersion "1"]
[SourceVersionDate "2014.11.20"]
[SourceQuality "1"]
[WhiteTeam "Bocholt"]
[BlackTeam "Nienberge"]
[WhiteTeamCountry "GER"]
[BlackTeamCountry "GER"]

1. d4 Nf6 2. c4 e6 3. Nf3 d5 4. Nc3 Bb4 5. Bg5 c6 6. Bxf6 Qxf6 7. e3 Nd7 8. Qc2 0-0 9. a3 Bd6 10. Bd3 Qh6 11. 0-0 e5 12. dxe5 Nxe5 13. Nxe5 Bxe5 14. f4 dxc4 15. Bxc4 Bc7 16. Kh1 Bg4 17. Be2 Bxe2 18. Qxe2 Rfe8 19. Qf3 Rad8 20. Rad1 Qe6 21. e4 1/2-1/2

[Event "Muensterland Regionalliga 1314"]
[Site "Germany"]
[Date "2013.10.05"]
[Round "2.2"]
[White "Steiner, Karl"]
[Black "Ollech, Dirk"]
[Result "1/2-1/2"]
[WhiteElo "1932"]
[BlackElo "1893"]
[PlyCount "30"]
[EventDate "2013.09.07"]
[EventType "team-tourn"]
[EventRounds "9"]
[EventCountry "GER"]
[SourceTitle "EXT 2015"]
[Source "ChessBase"]
[SourceDate "2014.11.20"]
[SourceVersion "1"]
[SourceVersionDate "2014.11.20"]
[SourceQuality "1"]
[WhiteTeam "Bocholt"]
[BlackTeam "Muenster SK III"]
[WhiteTeamCountry "GER"]
[BlackTeamCountry "GER"]

1. Nf3 Nf6 2. c4 c5 3. Nc3 Nc6 4. g3 g6 5. Bg2 Bg7 6. 0-0 0-0 7. e3 d6 8. d4 cxd4 9. exd4 Bg4 10. Be3 e5 11. h3 exd4 12. Bxd4 Be6 13. Nd5 Nxd4 14. Nxd4 Bxd5 15. cxd5 Qb6 1/2-1/2

[Event "NRW Class1 1213"]
[Site "Germany"]
[Date "2013.04.28"]
[Round "9.1"]
[White "Forchert, Martin"]
[Black "Steiner, Karl"]
[Result "1-0"]
[WhiteElo "2224"]
[BlackElo "1984"]
[PlyCount "67"]
[EventDate "2012.09.16"]
[EventType "team-tourn"]
[EventRounds "9"]
[EventCountry "GER"]
[SourceTitle "EXT 2017"]
[Source "ChessBase"]
[SourceDate "2016.10.25"]
[SourceVersion "1"]
[SourceVersionDate "2016.10.25"]
[SourceQuality "1"]
[WhiteTeam "Bielefeld"]
[BlackTeam "Bocholt"]
[WhiteTeamCountry "GER"]
[BlackTeamCountry "GER"]

1. e4 e5 2. Nf3 Nc6 3. Bb5 Nf6 4. 0-0 Nxe4 5. d4 Nd6 6. Bxc6 dxc6 7. dxe5 Nf5 8. Qxd8+ Kxd8 9. Nc3 Be7 10. Bg5 Bxg5 11. Nxg5 Ke7 12. Rad1 h6 13. Nf3 h5 14. Ne2 Bd7 15. Nf4 Rad8 16. Ng5 Be8 17. Rxd8 Kxd8 18. Rd1+ Ke7 19. g3 Rh6 20. h4 f6 21. exf6+ Rxf6 22. Re1+ Kd7 23. Ne4 Rf8 24. Nc5+ Kc8 25. Nce6 Rg8 26. Re5 g6 27. Ng5 Bd7 28. c3 Nd6 29. Re7 Kd8 30. Rh7 Nc4 31. Nf7+ Ke8 32. b3 Nb6 33. Ne5 g5 34. Nxh5 1-0

[Event "Lienz op 17th"]
[Site "Lienz"]
[Date "2013.02.15"]
[Round "8"]
[White "Steiner, Karl"]
[Black "Breuer, Falk"]
[Result "0-1"]
[WhiteElo "2090"]
[BlackElo "1975"]
[PlyCount "94"]
[EventDate "2013.02.09"]
[EventType "swiss"]
[EventRounds "9"]
[EventCountry "AUT"]
[SourceTitle "CBM 152 Extra"]
[Source "ChessBase"]
[SourceDate "2013.02.25"]
[SourceVersion "1"]
[SourceVersionDate "2013.02.25"]
[SourceQuality "1"]

1. c4 Nf6 2. Nc3 e5 3. g3 d6 4. Bg2 g6 5. d3 Bg7 6. e3 0-0 7. Nge2 Nbd7 8. 0-0 Re8 9. Rb1 h5 10. b4 Nf8 11. Bb2 h4 12. h3 hxg3 13. fxg3 N8h7 14. Qe1 Rb8 15. Qf2 Ng5 16. Kh2 Qd7 17. Ng1 e4 18. Nxe4 Nfxe4 19. dxe4 Nxe4 20. Bxe4 Rxe4 21. Bxg7 Kxg7 22. Qf6+ Kg8 23. Rf4 Qe7 24. Qxe7 Rxe7 25. Rbf1 Bd7 26. c5 dxc5 27. bxc5 Bc6 28. g4 Rd8 29. Nf3 Rxe3 30. Ng5 Rd2+ 31. R4f2 Ree2 32. Kg3 Rxf2 33. Rxf2 Rxf2 34. Kxf2 Bd5 35. a3 f6 36. Nf3 Bxf3 37. Kxf3 g5 38. Ke4 Kf7 39. Kd5 Ke7 40. a4 c6+ 41. Kd4 b6 42. cxb6 axb6 43. Ke4 Ke6 44. Kd4 Kd6 45. Ke4 c5 46. Kd3 Kd5 47. Kc3 c4 0-1

[Event "NRW Class1 1213"]
[Site "Germany"]
[Date "2013.01.20"]
[Round "5.1"]
[White "Steiner, Karl"]
[Black "De Vreugt, Dennis"]
[Result "0-1"]
[WhiteElo "1984"]
[BlackElo "2369"]
[PlyCount "72"]
[EventDate "2012.09.16"]
[EventType "team-tourn"]
[EventRounds "9"]
[EventCountry "GER"]
[SourceTitle "EXT 2017"]
[Source "ChessBase"]
[SourceDate "2016.10.25"]
[SourceVersion "1"]
[SourceVersionDate "2016.10.25"]
[SourceQuality "1"]
[WhiteTeam "Bocholt"]
[BlackTeam "Hattingen"]
[WhiteTeamCountry "GER"]
[BlackTeamCountry "GER"]

1. d4 Nf6 2. Nf3 e6 3. c4 Bb4+ 4. Bd2 c5 5. Bxb4 cxb4 6. e3 0-0 7. Nbd2 d6 8. Be2 b6 9. 0-0 Qc7 10. e4 e5 11. Qb3 a5 12. a3 Na6 13. axb4 Nxb4 14. Rfc1 Bb7 15. Qe3 Rae8 16. d5 Nd7 17. Ne1 Nc5 18. Nd3 Nbxd3 19. Bxd3 Bc8 20. Bc2 Bd7 21. Nb1 b5 22. cxb5 Bxb5 23. Nc3 Rb8 24. Ba4 Ba6 25. Bd1 Bb5 26. Ba4 Bc4 27. Nd1 Rb4 28. b3 Ba6 29. Nb2 Rfb8 30. Rc3 Qb6 31. f3 h6 32. Rac1 Rd4 33. Rd1 Nxa4 34. bxa4 Qxb2 35. Rxd4 exd4 36. Qxd4 Rb3 0-1

[Event "NRW Class1 1213"]
[Site "Germany"]
[Date "2012.11.18"]
[Round "3.2"]
[White "Muhren, Bianca"]
[Black "Steiner, Karl"]
[Result "1/2-1/2"]
[WhiteElo "2333"]
[BlackElo "1984"]
[PlyCount "123"]
[EventDate "2012.09.16"]
[EventType "team-tourn"]
[EventRounds "9"]
[EventCountry "GER"]
[SourceTitle "EXT 2017"]
[Source "ChessBase"]
[SourceDate "2016.10.25"]
[SourceVersion "1"]
[SourceVersionDate "2016.10.25"]
[SourceQuality "1"]
[WhiteTeam "Castrop Rauxel"]
[BlackTeam "Bocholt"]
[WhiteTeamCountry "GER"]
[BlackTeamCountry "GER"]

1. e4 c6 2. d4 d5 3. exd5 cxd5 4. c4 Nf6 5. Nc3 e6 6. Nf3 Be7 7. Bd3 dxc4 8. Bxc4 0-0 9. 0-0 a6 10. Qe2 b5 11. Bd3 Bb7 12. Rd1 Nbd7 13. a3 Rc8 14. Ne5 Nb6 15. Bb1 Nbd5 16. Rd3 b4 17. axb4 Bxb4 18. Bd2 Nb6 19. Rh3 Bxc3 20. bxc3 Qd5 21. f3 Nbd7 22. Nxd7 Qxd7 23. Qf2 Rfd8 24. Bxh7+ Nxh7 25. Qh4 f6 26. Qxh7+ Kf7 27. Qh5+ Ke7 28. Qg6 Rg8 29. Rh7 Kd8 30. Rb1 Rc7 31. Rh5 Qe8 32. Qg4 Bc8 33. Ra5 g5 34. Qg3 Qc6 35. Rc5 Qd7 36. Ra5 Qc6 37. Rb8 Qc4 38. Qd6+ Ke8 39. d5 Kf7 40. Kf2 Re7 41. Rb4 Qd3 42. Rd4 Qc2 43. dxe6+ Rxe6 44. Qd5 Kg7 45. Rc5 Rge8 46. Rxc8 Re2+ 47. Kg3 Rxc8 48. Qd7+ Kg6 49. Qxc8 Rxd2 50. Qe8+ Kh6 51. Qf8+ Kg6 52. Qg8+ Kh6 53. Qh8+ Kg6 54. Qe8+ Kh6 55. Qf8+ Kg6 56. Qg8+ Kh6 57. Qh8+ Kg6 58. Rxd2 Qxd2 59. Qg8+ Kh6 60. Qf8+ Kg6 61. Qe8+ Kh6 62. Qh8+ 1/2-1/2

[Event "NRW Class1 1213"]
[Site "Germany"]
[Date "2012.10.21"]
[Round "2.2"]
[White "Steiner, Karl"]
[Black "Rehfeldt, Frank"]
[Result "1/2-1/2"]
[WhiteElo "1984"]
[BlackElo "2126"]
[PlyCount "71"]
[EventDate "2012.09.16"]
[EventType "team-tourn"]
[EventRounds "9"]
[EventCountry "GER"]
[SourceTitle "EXT 2017"]
[Source "ChessBase"]
[SourceDate "2016.10.25"]
[SourceVersion "1"]
[SourceVersionDate "2016.10.25"]
[SourceQuality "1"]
[WhiteTeam "Bocholt"]
[BlackTeam "Muenster II"]
[WhiteTeamCountry "GER"]
[BlackTeamCountry "GER"]

1. Nf3 Nf6 2. c4 c6 3. Nc3 d5 4. cxd5 cxd5 5. d4 e6 6. Bf4 Bd6 7. Bxd6 Qxd6 8. e3 a6 9. Rc1 0-0 10. Bd3 Nbd7 11. 0-0 e5 12. dxe5 Nxe5 13. Be2 Rd8 14. Nxe5 Qxe5 15. Qd4 Qxd4 16. exd4 Bd7 17. Bf3 Bc6 18. Rfe1 Re8 19. Kf1 Kf8 20. Rxe8+ Rxe8 21. Re1 Rxe1+ 22. Kxe1 Ke7 23. Kd2 Kd6 24. Ke3 Bd7 25. Kf4 h6 26. h4 Be6 27. a3 Nd7 28. g4 Nb8 29. g5 hxg5+ 30. hxg5 Nc6 31. Ke3 Na5 32. Be2 Bd7 33. Kf4 Nb3 34. Ke3 Na5 35. Kf4 Nb3 36. Ke3 1/2-1/2

[Event "Vienna op 17th"]
[Site "Vienna"]
[Date "2011.08.13"]
[Round "1"]
[White "Petrov, Marian"]
[Black "Steiner, Karl"]
[Result "1-0"]
[WhiteElo "2534"]
[BlackElo "2105"]
[PlyCount "137"]
[EventDate "2011.08.13"]
[EventType "swiss"]
[EventRounds "9"]
[EventCountry "AUT"]
[SourceTitle "CBM 143 Extra"]
[Source "ChessBase"]
[SourceDate "2011.08.29"]
[SourceVersion "1"]
[SourceVersionDate "2011.08.29"]
[SourceQuality "1"]

1. e4 e5 2. Nf3 Nc6 3. Bc4 Bc5 4. 0-0 Nf6 5. d3 h6 6. a3 a5 7. c3 d6 8. d4 Bb6 9. Bb5 Bd7 10. Qd3 0-0 11. Nbd2 exd4 12. cxd4 Re8 13. Re1 d5 14. e5 Nh7 15. Nf1 Nf8 16. Ng3 Ne7 17. Be3 a4 18. Bxd7 Qxd7 19. h3 Ra5 20. Rad1 Qb5 21. Qb1 Ra6 22. Nh2 Ba5 23. Re2 Rg6 24. Rc2 Qd7 25. Ng4 Bb6 26. Re2 Qb5 27. Red2 Ba5 28. Rc2 Nd7 29. f4 f5 30. exf6 Nxf6 31. Nxf6+ Rxf6 32. Rc5 Qa6 33. Qc2 Qe6 34. Bc1 Bb6 35. Qxa4 Nc6 36. Rc3 Rff8 37. Be3 Qf6 38. Kh2 Ra8 39. Qb3 Rad8 40. Rcd3 Na5 41. Qc2 Nc4 42. Bc1 c6 43. Qe2 Bc7 44. Qg4 Bxf4 45. Rf1 Bxg3+ 46. Rxg3 h5 47. Rxf6 hxg4 48. Rg6 Rd6 49. R6xg4 Rf7 50. b3 Nb6 51. a4 Nd7 52. Bg5 Nf6 53. Bxf6 Rdxf6 54. Re3 Kf8 55. Kg3 g6 56. h4 Re7 57. Rxe7 Kxe7 58. Rf4 Re6 59. Kf2 Ke8 60. g4 Ke7 61. a5 Rd6 62. g5 Re6 63. b4 Ke8 64. Rf3 Rd6 65. Ra3 Kf7 66. Rb3 Ke6 67. b5 Kf5 68. Kf3 Rd7 69. Re3 1-0

[Event "Muensterland Verbandsliga 1011"]
[Site "Germany"]
[Date "2011.02.26"]
[Round "7.3"]
[White "Steiner, Karl"]
[Black "Woestmann, Ulrich"]
[Result "1-0"]
[WhiteElo "2032"]
[BlackElo "1983"]
[PlyCount "83"]
[EventDate "2010.09.25"]
[EventType "team-tourn"]
[EventRounds "9"]
[EventCountry "GER"]
[SourceTitle "EXT 2012"]
[Source "ChessBase"]
[SourceDate "2011.11.24"]
[SourceVersion "1"]
[SourceVersionDate "2011.11.24"]
[SourceQuality "1"]
[WhiteTeam "Bocholt"]
[BlackTeam "Sendenhorst"]
[WhiteTeamCountry "GER"]
[BlackTeamCountry "GER"]

1. d4 Nf6 2. Nf3 d5 3. c4 c6 4. cxd5 cxd5 5. Nc3 Nc6 6. Bf4 Bf5 7. e3 e6 8. Qb3 Bb4 9. Bb5 Qa5 10. 0-0 0-0 11. Rfc1 Nh5 12. Bxc6 bxc6 13. Ne5 Rfc8 14. g4 Nxf4 15. gxf5 Bxc3 16. exf4 Bxd4 17. Nxc6 Rxc6 18. Rxc6 Qd2 19. Qc2 Bxf2+ 20. Kg2 Qxc2 21. Rxc2 Be3 22. Kf3 d4 23. fxe6 fxe6 24. Ke4 Rf8 25. Rf1 g5 26. f5 exf5+ 27. Rxf5 Re8+ 28. Kd3 Kg7 29. Rc6 h6 30. Rb5 Re7 31. Rbc5 Bf4 32. Rc2 Rd7 33. h3 h5 34. R2c4 Be5 35. Re6 Bf6 36. Rcc6 Rf7 37. b4 Kg6 38. a4 g4 39. hxg4 hxg4 40. Re4 Kg5 41. Rc5+ Kh4 42. Rf5 1-0

[Event "Lienz op 16th"]
[Site "Lienz"]
[Date "2011.02.17"]
[Round "7"]
[White "Heinig, Wolfram"]
[Black "Steiner, Karl"]
[Result "1-0"]
[WhiteElo "2323"]
[BlackElo "2091"]
[PlyCount "65"]
[EventDate "2011.02.12"]
[EventType "swiss"]
[EventRounds "9"]
[EventCountry "AUT"]
[SourceTitle "CBM 140 Extra"]
[Source "ChessBase"]
[SourceDate "2011.03.01"]
[SourceVersion "1"]
[SourceVersionDate "2011.03.01"]
[SourceQuality "1"]

1. d4 d5 2. c4 e6 3. Nf3 Nf6 4. g3 Be7 5. Bg2 0-0 6. 0-0 c6 7. Qc2 Nbd7 8. Nbd2 Qc7 9. e4 dxe4 10. Nxe4 Nxe4 11. Qxe4 Nf6 12. Qe2 Rd8 13. Bf4 Bd6 14. Bg5 Qe7 15. Rad1 h6 16. Bd2 c5 17. Bc3 Bd7 18. dxc5 Bxc5 19. Ne5 Be8 20. a3 Ba4 21. Rxd8+ Rxd8 22. b4 Bd4 23. Bxd4 Rxd4 24. Qe3 Rd1 25. Rxd1 Bxd1 26. Qxa7 Qd6 27. Qa8+ Kh7 28. Qh8+ Kxh8 29. Nxf7+ Kg8 30. Nxd6 b6 31. Bc6 Ng4 32. Bd7 e5 33. Nc8 1-0